000 01119nam0a22002891 4500
001 rc\3354782
005 20250609220310.0
021 _aRU
_b[73-48637]
035 _a(NLR Aleph) 007523072
090 _a7731606
_c7731606
100 _a20130115d1973 |||y0rusy50 ca
101 0 _arus
102 _aRU
105 _ay z |||||
200 1 _aВодный фактор в размещении промышленного производства
_fАН СССР. Ин-т водных проблем
210 _aМосква
_cСтройиздат
_d1973
215 _a167 с.
_d21
320 _aСписок лит.: с. 164-166 (72 назв.)
606 _aПромышленность СССР
_xРазмещение и специализация
_2psbo
606 _aВодные ресурсы СССР
_2psbo
700 1 _aЛевин
_bА. П.
_cд-р экон. наук, машиностроение
_f1941-
_gАнатолий Петрович
_9161576
_3RU\NLR\AUTH\770161620
801 0 _aRU
_bNLR
_gpsbo
801 1 _aRU
_bELAR
_2rusmarc
852 _aNLR
_j73-5/2435
942 _cBOOK
980 _aNB